| 000 | 00824nam a2200241Ia 4500 | ||
|---|---|---|---|
| 003 | GCL | ||
| 008 | 140319s9999 xx 000 0 ara d | ||
| 020 | _a?365758977 | ||
| 040 |
_aGCL / _cGCL |
||
| 082 | 0 | 4 |
_a628.161 _bم هـ |
| 100 | 1 | _aمحمد على على فرج | |
| 245 | 1 | 0 |
_aالهندسة الصحية : _bاختبارات ومواصفات المياه / _cمحمد على على فرج |
| 250 | _aالاولى | ||
| 260 |
_aالقاهرة : _bدار الكتاب الحديث ، _c2000 |
||
| 300 |
_a167 ص: _bايض ؛ _c24 سم |
||
| 490 |
_aموسوعة الهندسة الصحية _v1 |
||
| 650 | 0 | 4 | _aالهندسة الصحية |
| 650 | 0 | 4 | _aالابار |
| 650 | 0 | 4 | _aاستهلاك المياه |
| 650 | 0 | 4 | _aالمياه - معايير |
| 650 | 0 | 4 | _aالمياه - شبكات |
| 942 |
_2ddc _cBK |
||
| 999 |
_c6486 _d6486 |
||